01178nam a2200241Ia 4500001000600000003000900006008004100015040001300056040001300069041001300082100002000095100002900115245003000144245003000174250001100204260001100215260001100226260004900237300005600286500053500342650002800877650003100905A2537IT-RoPAU130308s9999 xx 000 0 und d aIT-RoPAU cIT-RoPAU aITALIANO aBallo Francesco gCodice Aut. SPICS: 5777 aJohn Ford-Sfida infernale bJohn Ford-Sfida Infernale a1a ed. aTORINO bLindau c1991 [1° Ed.:1991 - Ed.Ling.Originale:1991] a"212 p. (prefazione: 44; testo: 168 [pagine: 0-0])" aScheda del Film Sfida infernale di Ford. Metodo Ford. Analisi del Linguaggio di Ford. Ford e Il suo Cinema. Unicità€ Dello Stile Ford. giorni della Finzione. recitazione e Direzione degli Attori. Personaggi Princiapli e Minori. luoghi del Film. sei Serie di Fotogrammi. Illustrazioni. sei sequenze del Film. Rivive l'epica Sfida All'O.K. Corral. Modi e Metodi della messa Inscena Fordiana, Il suo montaggio Classico, la Direzione degli Attori. Sfida infernale un Capitolo Unico nella Filmografia di Ford e del Cinema in Generale. aAUTORI/OPERE DEL CINEMA eCodice materia Spics: 6807